000
00343nam a22001577a 4500
003
SGT
020
_a
9789386235251
082
_a
616.01
_b
ANA
100
_a
ANANTNARAYAN
245
_a
TEXTBOOK OF MICROBIOLOGY
250
_a
10TH
260
_b
UNIVERSITIES PRESS
_c
2017
300
_a
716
650
_a
PHYSICAL SCIENCE
942
_2
ddc
_c
BK
999
_c
15764
_d
15764